000 00798nam a2200181 a 4500
020 _a9024727650
040 _cDLC
082 _a333 DIS 1983 C143 Or.
245 1 0 _aEnvironmental impact assessment /
260 _aBoston :
_bM. Nijhoff ;
_aHingham, MA :
_bDistributors for the U.S. and Canada, Kluwer Boston,
_c1983
300 _axii, 439 p. :
_bill. ;
_c25 cm
490 1 _aNATO ASI series. Series D, Behavioural and social sciences
500 _a"Proceedings of the NATO Advanced Study Institute on Environmental Impact Assessment, Chateau de Bonas, Toulouse, France, August 30 - September 12, 1981"--T.p. verso
500 _a"Published in cooperation with NATO Scientific Affairs Division."
650 0 _aEnvironmental impact analysis
710 2 0 _aUniversity of Aberdeen.
942 _cAEDBB
999 _c18373
_d18373